LEADER 00744nam a2200205 i 4500 001 000000132079 003 CaOOAMICUS 005 20171115000000.0 008 171115s1898 it u000 u ita u 013 $a105022 040 $aSeMil$bita 245 10$aDomenicale di Pentecoste. Parte 1. 300 $a140 p. 500 $aLascito Card. C.M. Martini. 773 0 $aSormani, Giammaria$tDivina parola, ossia Corso di Vangeli domenicali.$dComo : Tipografia Cavalleri e Bazzi, 1898.$g4$w()12160 850 $aSeMil 852 $aSeMil$W1$xVenegono$y1$m3E III 84 FA$j86005$B86005$CSeMilBibl$Z2$F89732 $8I 941 1 $a4 961 $aLascito: Martini Card. Carlo Maria 996 $6245$aDomenicale di Pentecoste. Parte 1$9(OLS)http://semarc/title/408233 LEADER 01216nam a2200289 i 4500 001 000000018671 003 CaOOAMICUS 005 20220523163311.0 008 180830s1911 it u000 u ita u 040 $aSeMil$bita 100 1 $aBandello, Matteo,$c.$0(OLS)http://semarc/name/8022 245 13$aLe novelle /$cMatteo Bandello ; a cura di Gioachino Brognoligo. 250 $aSeconda edizione riveduta. 264 1$aBari :$bLaterza & Figli,$c1911-1928. 300 $a5 v. ;$c22 cm. 490 1 $aScrittori d'Italia 650 4$aBandello, Matteo - Opere.$0(OLS)http://semarc/subject/2850 700 1 $aBrognoligo, Gioachino,$d<1867-1932>.$0(OLS)http://semarc/name/8383 774 0 $tVol. 1.$kScrittori d'Italia$w()75780 774 0 $tVol. 2.$kScrittori d'Italia$w()166044 774 0 $tVol. 3.$kScrittori d'Italia$w()166045 774 0 $tVol. 4.$kScrittori d'Italia$w()166046 774 0 $tVol. 5.$kScrittori d'Italia$w()166043 830 0$aScrittori d'Italia.$0(OLS)http://semarc/title/138 996 $6245$aLe novelle$9(OLS)http://semarc/title/24582 996 $6264$aBari :$bLaterza & Figli$9(OLS)http://semarc/publisher/29663